000
00272nam a2200109Ia 4500
005
20251222143217.0
008
251222s9999||||xx |||||||||||||| ||spa||
082
_a
946/A46H
100
_a
"Altamira, Rafael"
245
0
_a
Historia de la civilización española
942
_c
LIB
999
_c
13674
_d
13674